| 000 | 00402cam a2200145ua 4500 | ||
|---|---|---|---|
| 041 |
_amal _h |
||
| 082 |
_a894.81209 _bSUK/SA |
||
| 100 | _aSukumar , Azheekkodu . | ||
| 245 |
_aSankara Kuruppu vimarshikkapedunnu / _cSukumar Azheekodu. _hTextual Documents |
||
| 260 |
_aCalicut : _bNavakerala Co-operative publishing , _c1963. |
||
| 300 | _a189 ; . | ||
| 504 | _a | ||
| 942 | _cBK | ||
| 999 |
_c6533 _d6533 |
||